000 00861nac a22002171u 4500
010 _a 90043169
020 _a0026808692
082 0 0 _a338.4791023
_bFOS
090 _c9304
_d9304
100 _aFoster, Dennis L.
245 1 4 _aThe business of travel :
_bagency operations and administration /
_cDennis L. Foster.
260 _aLake Forest, Ill. :
_bGlencoe Division, Macmillan/McGraw-Hill,c1991.
_cc1991.
300 _axv, 192 p. :
_bill. (some col.) ;
_c28 cm.
440 4 _aThe Travel professional series
500 _aIncludes index.
500 _aDistributer: Al-Ahram.
511 _aCatalogued By: Mahitab.
650 0 _aTravel agents
_xVocational guidance.
942 _cBB
_k338.4791023FOS
999 _c9304
_d9304